000 00430nam a2200169Ia 4500
008 180921t1983 xxu||||| |||| 00| 0 eng d
041 _aeng
080 _a51
_bRUC
100 _aRucker, Walter E.
245 _aHeath mathematics
260 _bD.C. Heath and copmany
_aToronto
_c1983
300 _a442p., ill., 22 cm
650 _aHeath mathematics
942 _cBK
999 _c16957
_d16957
003 LK-CoDNM
040 _aLK-CoDNM
_dLK-CoDNM
_eLK-CoDNM